000 00436nam a2200181Ia 4500
001 64141
008 150204s9999 xx 000 0 und d
020 _a9780754824350
040 _cPK-LaUMT
082 _a 292.13
_bCOT-C
100 _aCotterell, Arthur
245 _aClassical mythology
_cCotterell, Arthur
260 _aLondon,UK:
_bLorenz Books,
_c2011
300 _a256 p.
546 _aEN
650 _aMythology
942 _cBK
999 _c65293
_d65293